000 00566nam a2200241Ia 4500
005 20260320201045.0
008 008 262003s9999 xx 000 0 eng d
037 _aEBOOK
040 _aCRL
040 _beng
040 _cCRL
041 _2eng
041 _aeng
084 _qCRL
100 _aMorrison
245 0 _aGrounding and Shielding: Circuits and Interference
260 _bIEEE
260 _c2016
856 _uhttps://ieeexplore.ieee.org/servlet/opac?bknumber=8371438
942 _cEBOOK
999 _c1718562
_d1718562